| 000 | 00779pam a2200229 a 4500 | ||
|---|---|---|---|
| 001 | 582250 | ||
| 005 | 20180213071719.0 | ||
| 008 | 900703s1991 nyua b 001 0 eng | ||
| 010 | _a 90042628 | ||
| 020 | _a0442318847 | ||
| 040 |
_aDLC _cDLC _dDLC |
||
| 041 | _aeng | ||
| 080 | _a613.2023 BRE | ||
| 082 | 0 | 0 |
_a613.2023 BRE _220 |
| 100 | 1 | _a10 | |
| 101 | _aNUT | ||
| 245 | 1 | 4 |
_aThe consultant dietitian : _cCarolyn Breeding, Donna M. Foster, Marianne Smith Edge. |
| 504 | _aIncludes bibliographical references and index. | ||
| 906 |
_a7 _bcbc _corignew _d1 _eocip _f19 _gy-gencatlg |
||
| 942 |
_2ddc _cBK |
||
| 999 |
_c42388 _d42388 |
||